00357nam a22001337a 4500008004100000020001500041050002100056100002500077245005000102250001100152260003000163300001200193700001800205161007b xxu||||| |||| 00| 0 eng d a0314147071 aKF 240 .C64 2000 aChen Morris L.d1996 aLegal research in a nutshell.cMorris L.Cohen a8th ed aUN:bThomson west,c2000. av,478p. aOlson,Kent C.